Central Library OPAC University of Rajshahi

Crop production and environment / (Record no. 75089)

MARC details
000 -LEADER
fixed length control field 00918cam a22003012 4500
001 - CONTROL NUMBER
control field 75089
003 - CONTROL NUMBER IDENTIFIER
rucl marc code BD-RjUL
005 - DATE AND TIME OF LATEST TRANSACTION
control field 20211209082637.0
008 - FIXED-LENGTH DATA ELEMENTS--GENERAL INFORMATION
fixed length control field 790917s1960 enkabf b 001 0 eng d
035 ## - SYSTEM CONTROL NUMBER
System control number (BD-RjUL)75307
040 ## - CATALOGING SOURCE
Original cataloging agency IOD
Transcribing agency IOD
Modifying agency OCL
-- UKM
-- EQO
Language of cataloging eng
041 ## - LANGUAGE CODE
Language code of text/sound track or separate title eng
082 04 - DEWEY DECIMAL CLASSIFICATION NUMBER
Classification number 571.82
Edition number 23
Author mark and year WHC 1960
090 ## - LOCALLY ASSIGNED LC-TYPE CALL NUMBER (OCLC); LOCAL CALL NUMBER (OCLC)
Classification number (OCLC) (R) ; Classification number, CALL (RLIN) (NR) QK745
Local cutter number (OCLC) ; Book number/undivided call number, CALL (RLIN) .W49 1960
100 10 - MAIN ENTRY--PERSONAL NAME
Personal name Whyte, R. O.
Fuller form of name (Robert Orr),
Dates associated with a name 1903-
9 (RLIN) 227120
245 10 - TITLE STATEMENT
Title Crop production and environment /
Statement of responsibility, etc. by R. O. Whyte.
250 ## - EDITION STATEMENT
Edition statement New ed.
260 ## - PUBLICATION, DISTRIBUTION, ETC. (IMPRINT)
Place of publication, distribution, etc. London :
Name of publisher, distributor, etc. Faber and Faber,
Date of publication, distribution, etc. c1960.
300 ## - PHYSICAL DESCRIPTION
Pagination 392 p., [14] leaves of plates :
Illustrations ill. ;
Size 23 cm.
500 ## - GENERAL NOTE
General note Includes index.
504 ## - BIBLIOGRAPHY, ETC. NOTE
Bibliography, etc Bibliography: p. 357-384.
650 #0 - SUBJECT ADDED ENTRY--TOPICAL TERM
Topical term or geographic name as entry element Growth (Plants)
9 (RLIN) 227121
Topical term or geographic name as entry element Botany, Economic.
9 (RLIN) 227122
Topical term or geographic name as entry element Crops and climate.
9 (RLIN) 227123
942 ## - ADDED ENTRY ELEMENTS (KOHA)
Source of classification or shelving scheme Dewey Decimal Classification
Koha item type Books
Holdings
Lost status Source of classification or shelving scheme Damaged status Not for loan Collection code Permanent Location Current Location Shelving location Date acquired Source of acquisition Cost, normal purchase price Total Checkouts Full call number Date last seen Copy number Koha item type
  Dewey Decimal Classification   Not For Loan Non-fiction Central Library, University of Rajshahi Central Library, University of Rajshahi Reading Room 08/02/1963 Zeitlinger 63.00   571.82 WHC 1960 20/01/2019 C-1 Books